000 00844nam a2200265Ia 4500
003 OSt
005 20220925185722.0
006 a|||||r|||| 00| 0
007 ta
008 220923b |||||||| |||| 00| 0 eng d
020 _a0765612658
_c1314.40
037 _b18275, 17/02/2005, SBD
_cGeneral Book
040 _aRTL
_cRTL
_beng
041 _2eng
_aeng
082 _aY35, P4
100 _aFREDERICKSON H George & others
_9235610
245 0 _aAdapted city
_b Institutional dynamics and structural change
260 _aArmonk
_bM E Sharpe
_c2004
300 _axiii,195p
_ccm.
490 _aCities and contemporary society
500 _aBibliography P 175-186
650 _aCity Sociology
_9235611
942 _hY35, P4
_cGB
_2CC
999 _c511944
_d511944